|
|
|
|
| LEADER |
00000nam0a2200000 4500 |
| 001 |
326450 |
| 005 |
20231102003849.0 |
| 035 |
|
|
|a (RuTPU)RU\TPU\book\352098
|
| 035 |
|
|
|a RU\TPU\book\352097
|
| 090 |
|
|
|a 326450
|
| 100 |
|
|
|a 20161227d1979 k y0rusy50 ca
|
| 101 |
0 |
|
|a rus
|
| 102 |
|
|
|a RU
|
| 105 |
|
|
|a y z 001zy
|
| 200 |
1 |
|
|a Автоматизация проектирования в радиоэлектронике и приборостроении
|e сборник статей
|f Ленинградский электротехнический институт (ЛЭТИ)
|
| 210 |
|
|
|a Ленинград
|c Изд-во ЛЭТИ
|d 1979
|
| 215 |
|
|
|a 123 с.
|
| 225 |
1 |
|
|a Известия Ленинградского электротехнического института (ЛЭТИ)
|v Вып. 235
|
| 320 |
|
|
|a Библиогр. в конце ст.
|
| 606 |
1 |
|
|a Радиоэлектроника
|x Автоматизированное проектирование
|2 stltpush
|3 (RuTPU)RU\TPU\subj\23339
|9 47950
|
| 606 |
1 |
|
|a Приборы
|x Проектирование
|x Технико-экономические показатели
|x Математические методы
|x Автоматизация
|2 stltpush
|3 (RuTPU)RU\TPU\subj\51628
|9 70201
|
| 610 |
1 |
|
|a электронные схемы
|
| 610 |
1 |
|
|a прикладные программы
|
| 610 |
1 |
|
|a реле
|
| 610 |
1 |
|
|a электромагнитные цепи
|
| 610 |
1 |
|
|a линейные электрические цепи
|
| 610 |
1 |
|
|a статистический анализ
|
| 610 |
1 |
|
|a активные RC-фильтры
|
| 610 |
1 |
|
|a параметрический синтез
|
| 610 |
1 |
|
|a геометрическое программирование
|
| 610 |
1 |
|
|a линейные микросхемы
|
| 610 |
1 |
|
|a устойчивость
|
| 610 |
1 |
|
|a машинный расчет
|
| 610 |
1 |
|
|a динамические системы
|
| 610 |
1 |
|
|a цифровое моделирование
|
| 610 |
1 |
|
|a самообучение
|
| 675 |
|
|
|a 621.37/.39
|v 4
|
| 675 |
|
|
|a 681.2.001.63
|v 4
|
| 712 |
0 |
2 |
|a Ленинградский электротехнический институт (ЛЭТИ)
|2 stltpush
|3 (RuTPU)RU\TPU\col\289
|
| 801 |
|
0 |
|a RU
|b 63413507
|c 20011209
|g PSBO
|
| 801 |
|
2 |
|a RU
|b 63413507
|c 20171214
|g PSBO
|
| 942 |
|
|
|c BK
|